<?xml version="1.0" encoding="UTF-8"?>
<marc:record xmlns:marc="http://www.loc.gov/MARC21/slim">
   <marc:leader>00000nam a2200000 a 4500</marc:leader>
   <marc:datafield ind1="1" ind2=" " tag="100">
      <marc:subfield code="a">Bayard, Pierre</marc:subfield>
      <marc:subfield code="4">aut</marc:subfield>
      <marc:subfield code="e">Verfasser/-in</marc:subfield>
   </marc:datafield>
   <marc:datafield ind1="1" ind2=" " tag="100">
      <marc:subfield code="a">Bayard, Pierre</marc:subfield>
   </marc:datafield>
   <marc:datafield ind1=" " ind2=" " tag="653">
      <marc:subfield code="a">Doyle</marc:subfield>
   </marc:datafield>
   <marc:datafield ind1=" " ind2=" " tag="653">
      <marc:subfield code="a">Arthur Conan</marc:subfield>
   </marc:datafield>
   <marc:datafield ind1=" " ind2=" " tag="653">
      <marc:subfield code="a">Holmes</marc:subfield>
   </marc:datafield>
   <marc:datafield ind1=" " ind2=" " tag="653">
      <marc:subfield code="a">Sherlock</marc:subfield>
   </marc:datafield>
   <marc:datafield ind1=" " ind2=" " tag="653">
      <marc:subfield code="a">Aufklärung</marc:subfield>
   </marc:datafield>
   <marc:datafield ind1=" " ind2=" " tag="653">
      <marc:subfield code="a">Kritik</marc:subfield>
   </marc:datafield>
   <marc:datafield ind1="0" ind2="0" tag="245">
      <marc:subfield code="a">Freispruch für den Hund der Baskervilles</marc:subfield>
   </marc:datafield>
   <marc:datafield ind1="0" ind2="0" tag="245">
      <marc:subfield code="b">hier irrte Sherlock Holmes</marc:subfield>
   </marc:datafield>
   <marc:datafield ind1="0" ind2="0" tag="245">
      <marc:subfield code="c">Pierre Bayard. Aus dem Franz. von Lis Künzli</marc:subfield>
   </marc:datafield>
   <marc:datafield ind1=" " ind2="1" tag="264">
      <marc:subfield code="a">München</marc:subfield>
      <marc:subfield code="b">Kunstmann</marc:subfield>
      <marc:subfield code="c">2008</marc:subfield>
   </marc:datafield>
   <marc:datafield ind1=" " ind2=" " tag="250">
      <marc:subfield code="a">Leicht gekürzte Fassung</marc:subfield>
   </marc:datafield>
   <marc:datafield ind1="1" ind2=" " tag="520">
      <marc:subfield code="a">Angaben aus der Verlagsmeldung

Freispruch für den Hund der Baskervilles : Hirr irrte Sherlock Holmes L'affaire du chien des Baskerville / von Pierre Bayard

Who dunnit? Die meisten Krimileser verlassen sich ganz auf den Autor, wenn es um die Aufklärung literarischer Morde geht. Falsch, sagt Pierre Bayard: Selbst Meisterdetektive wie Sherlock Holmes können irren, ohne dass der Autor es bemerkt. In Conan Doyles berühmtestem Buch »Der Hund der Baskervilles« deuten zahlreiche Indizien darauf hin, dass der Hund keineswegs der Mörder war. Anlass genug für eine furiose »Kriminalkritik«. Denn viele in der Literatur erzählte Morde sind gar nicht von denjenigen begangen worden, denen sie zur Last gelegt werden. In der Literatur wie im richtigen Leben entkommen die wirklichen Verbrecher nicht selten den Ermittlern, und zweitrangige Figuren werden angeklagt und verurteilt. Die Kriminalkritik, Verfechterin der Gerechtigkeit, bringt endlich die Wahrheit ans Licht – und eröffnet ungeahnte Perspektiven. Ist Ödipus wirklich des Vatermords schuldig Versteckt sich nicht selbst in »Hamlet« ein unbekannter Mörder? Wenn schon literarische Personen hinter dem Rücken des Autors ein Eigenleben entwickeln, können wir uns auch als Leser aktiver, lustvoller in literarische Texte einbringen. Die Zeit der passiven Lektüre ist vorbei!, ruft Pierre Bayard, Autor des Bestsellers »Wie man über Bücher spricht, die man nicht gelesen hat«. Wie man mit Literatur auf Augenhöhe verkehrt und die wahren Mörder enttarnt, zeigt sein ebenso witziges wie kluges Buch.
</marc:subfield>
   </marc:datafield>
   <marc:datafield ind1=" " ind2=" " tag="020">
      <marc:subfield code="a">9783888975295</marc:subfield>
      <marc:subfield code="9">9783888975295</marc:subfield>
   </marc:datafield>
   <marc:datafield ind1=" " ind2=" " tag="041">
      <marc:subfield code="a">ger</marc:subfield>
   </marc:datafield>
   <marc:datafield ind1=" " ind2=" " tag="300">
      <marc:subfield code="a">205 S.</marc:subfield>
   </marc:datafield>
</marc:record>
